00975nam a22002657a 450000500170000001000130001702000110003003500130004103700160005404000120007008200180008210000290010024501010012925000120023026000270024227000530026930000250032250000330034765000250038065000340040570000320043994200260047199900190049795201930051620170124105929.0 aA-576017 c150.00 aA-576017 bCen Lib/Ret aDPLbEN a390.954bDUB  aDubois, Abbe J. A.97711 aHindu manners, customs and ceremonies /cby Abbe J. A. Dubois; translated by Hennry K. Beauchamp a3rd ed. aCalcutta bRupa c1906 bCalcutta a15, Bankim Chatterjee Street e700073 axli, 842p.c20cm(Hb) aIncludes appendix and index  aHindu manners 97712 aTraditions and customs 97713 aBeauchamp, Hennry K.973829 2ddccENh390.954mDUB c123693d123693 04104070aLbLd2015-06-11eCen Lib/Retg150.00l0o390.954 DUBpA-576017r2015-06-11 00:00:00t1v150.00w2015-06-11yENzWritten off on approval by DLB (By Circulation); dtd 15-06-2023